00398nam a22001457a 450000500170000000800410001704100080005808200230006610000160008924500470010526000520015230000080020450000250021250000150023720250419111409.0250419b |||||||| |||| 00| 0 eng d amar a891.46bNIP B22566 aNipanekar V aSwatantryaladha: Rashtriya Kirtan V Bharud aPunebBharatiya Vichar Sadhana Prakashan c2021 a62p aMarathi Literature  aLiterature